| 000 | 00537nam a2200157 a 4500 | ||
|---|---|---|---|
| 008 | 160815s2013 ||||||||||||||||| || u | ||
| 020 | _a9781444743067 | ||
| 050 | _aPR 6116.H488D6 | ||
| 100 | _aPhillips, Louise | ||
| 245 | 1 | 0 |
_aThe doll's house _cBy Louise Phillips |
| 260 |
_aDublin _bHachette Books Ireland _c2013 |
||
| 300 | _a437 pages | ||
| 350 | _a13.99 | ||
| 650 | _aENGLISH LANGUAGE | ||
| 995 |
_FCBU-MAIN LIBRARY (Kitwe) _I13.99 _M1 _UAVAILABLE _WSep 23, 2016 _ZFiction Collection |
||
| 999 |
_c40445 _d40445 |
||